[Event "Test Tournament"]
[Site "Emanuel Lasker Arena"]
[Date "2024.04.09"]
[Round "1"]
[White "MikhailBerg"]
[Black "Fuerteventura"]
[Result "1-0"]
[WhiteElo "2094"]
[BlackElo "1620"]
[Annotator "RC"]
[PlyCount "71"]
[EventDate "2024.04.09"]
[EventType "swiss (blitz)"]

1. e4 {[%emt 0:00:01]} e5 {[%emt 0:00:01]} 2. Nf3 {[%emt 0:00:01]} Nc6 {[%emt 0:00:01]} 3. Bb5 {[%emt 0:00:01]} a6 {[%emt 0:00:01]} 4. Ba4 {[%emt 0:00:01]} Nf6 {[%emt 0:00:01]} 5. O-O {[%emt 0:00:00]} Be7 {[%emt 0:00:02]} 6. Re1 {[%emt 0:00:01]} b5 {[%emt 0:00:01]} 7. Bb3 {[%emt 0:00:01]} O-O {[%emt 0:00:01]} 8. c3 {[%emt 0:00:01]} d5 {[%emt 0:00:01]} 9. exd5 {[%emt 0:00:01]} Nxd5 {[%emt 0:00:01]} 10. a4 {[%emt 0:00:01]} Nf4 {[%emt 0:00:04]} 11. axb5 {[%emt 0:00:01]} Bh3 {[%emt 0:00:01]} 12. gxh3 {[%emt 0:00:01]} Nxh3+ {[%emt 0:00:01]} 13. Kg2 {[%emt 0:00:01]} axb5 {[%emt 0:00:01]} 14. Rxa8 {[%emt 0:00:05]} Nf4+ {[%emt 0:00:02]} 15. Kg1 {[%emt 0:00:03]} Qxa8 {[%emt 0:00:01]} 16. d4 {[%emt 0:00:04]} Nh3+ {[%emt 0:00:01]} 17. Kg2 {[%emt 0:00:01]} Na5 {[%emt 0:00:04]} 18. Bc2 {[%emt 0:00:03]} Bg5 {[%emt 0:00:03]} 19. Be4 {[%emt 0:00:03]} c6 {[%emt 0:00:03]} 20. Nxg5 {[%emt 0:00:01]} Nxg5 {[%emt 0:00:01]} 21. Bxg5 {[%emt 0:00:01]} f5 {[%emt 0:00:03]} 22. Bf3 {[%emt 0:00:03]} h6 {[%emt 0:00:03]} 23. Be7 {[%emt 0:00:02]} e4 {[%emt 0:00:02]} 24. Bh5 {[%emt 0:00:01]} Nc4 {[%emt 0:00:02]} 25. Qb3 {[%emt 0:00:01]} Re8 {[%emt 0:00:02]} 26. Bxe8 {[%emt 0:00:01]} Qxe8 {[%emt 0:00:01]} 27. Nd2 {[%emt 0:00:03]} Qxe7 {[%emt 0:00:01]} 28. Nxc4 {[%emt 0:00:01]} bxc4 {[%emt 0:00:01]} 29. Qxc4+ {[%emt 0:00:01]} Kh7 {[%emt 0:00:01]} 30. Kh1 {[%emt 0:00:02]} Qh4 {[%emt 0:00:02]} 31. Rg1 {[%emt 0:00:02]} Qxf2 {[%emt 0:00:01]} 32. Qf1 {[%emt 0:00:01]} Qc2 {[%emt 0:00:01]} 33. Qxf5+ {[%emt 0:00:01]} Kg8 {[%emt 0:00:01]} 34. Qe6+ {[%emt 0:00:01]} Kh7 {[%emt 0:00:01]} 35. Qg6+ {[%emt 0:00:01]} Kg8 {[%emt 0:00:01]} 36. Qxg7# {[%emt 0:00:01] (Lag: Av=0.07s, max=0.5s)} 1-0

[Event "Test Tournament"]
[Site "Emanuel Lasker Arena"]
[Date "2024.04.02"]
[Round "1"]
[White "Toby Ziegler"]
[Black "Alicia"]
[Result "1-0"]
[WhiteElo "2084"]
[BlackElo "2267"]
[Annotator "RC"]
[PlyCount "95"]
[EventDate "2024.04.02"]
[EventType "swiss (blitz)"]

1. d4 {[%emt 0:00:01]} Nf6 {[%emt 0:00:01]} 2. c4 {[%emt 0:00:01]} e5 {[%emt 0:00:01]} 3. e3 {[%emt 0:00:01]} exd4 {[%emt 0:00:01]} 4. exd4 {[%emt 0:00:01]} d5 {[%emt 0:00:01]} 5. Nf3 {[%emt 0:00:01]} Bb4+ {[%emt 0:00:02]} 6. Nc3 {[%emt 0:00:01]} O-O {[%emt 0:00:01]} 7. Be3 {[%emt 0:00:01]} Bf5 {[%emt 0:00:02]} 8. Be2 {[%emt 0:00:01]} Bxc3+ {[%emt 0:00:00]} 9. bxc3 {[%emt 0:00:00]} Ng4 {[%emt 0:00:01]} 10. Bg5 {[%emt 0:00:01]} Qd7 {[%emt 0:00:02]} 11. Qb3 {[%emt 0:00:02]} Re8 {[%emt 0:00:02]} 12. Qxb7 {[%emt 0:00:01]} Qa4 {[%emt 0:00:01]} 13. O-O {[%emt 0:00:01]} Nc6 {[%emt 0:00:02]} 14. cxd5 {[%emt 0:00:01]} h6 {[%emt 0:00:02]} 15. dxc6 {[%emt 0:00:01]} hxg5 {[%emt 0:00:00]} 16. Nxg5 {[%emt 0:00:00]} Nf6 {[%emt 0:00:02]} 17. Bf3 {[%emt 0:00:01]} Rac8 {[%emt 0:00:01]} 18. Rfe1 {[%emt 0:00:01]} Red8 {[%emt 0:00:02]} 19. Qb3 {[%emt 0:00:01]} Qxb3 {[%emt 0:00:01]} 20. axb3 {[%emt 0:00:00]} Bc2 {[%emt 0:00:02]} 21. h4 {[%emt 0:00:01]} a5 {[%emt 0:00:02]} 22. Rxa5 {[%emt 0:00:01]} Bxb3 {[%emt 0:00:00]} 23. Re7 {[%emt 0:00:01]} Bc4 {[%emt 0:00:01]} 24. Rc5 {[%emt 0:00:01]} Kf8 {[%emt 0:00:02]} 25. Ree5 {[%emt 0:00:01]} Bb3 {[%emt 0:00:03]} 26. g4 {[%emt 0:00:01]} Ra8 {[%emt 0:00:02]} 27. Kg2 {[%emt 0:00:01]} Rd6 {[%emt 0:00:02]} 28. Ne4 {[%emt 0:00:01]} Rdd8 {[%emt 0:00:02]} 29. Nxf6 {[%emt 0:00:01]} gxf6 {[%emt 0:00:00]} 30. Rf5 {[%emt 0:00:01]} Kg7 {[%emt 0:00:03]} 31. d5 {[%emt 0:00:01]} Ra6 {[%emt 0:00:02]} 32. c4 {[%emt 0:00:01]} Bc2 {[%emt 0:00:02]} 33. Rf4 {[%emt 0:00:01]} Rb8 {[%emt 0:00:02]} 34. Rb5 {[%emt 0:00:01]} Re8 {[%emt 0:00:02]} 35. c5 {[%emt 0:00:01]} Rh8 {[%emt 0:00:01]} 36. Rb7 {[%emt 0:00:01]} Ra3 {[%emt 0:00:01]} 37. Rxc7 {[%emt 0:00:00]} Rc3 {[%emt 0:00:01]} 38. g5 {[%emt 0:00:01]} f5 {[%emt 0:00:01]} 39. h5 {[%emt 0:00:01]} Rd8 {[%emt 0:00:01]} 40. g6 {[%emt 0:00:01]} Kh6 {[%emt 0:00:01]} 41. Rxf7 {[%emt 0:00:01]} Rxc5 {[%emt 0:00:00]} 42. Kg3 {[%emt 0:00:01]} Rd6 {[%emt 0:00:01]} 43. Kh4 {[%emt 0:00:01]} Rxg6 {[%emt 0:00:01]} 44. hxg6 {[%emt 0:00:00]} Kxg6 {[%emt 0:00:00]} 45. Re7 {[%emt 0:00:01]} Bb3 {[%emt 0:00:01]} 46. d6 {[%emt 0:00:01]} Kf6 {[%emt 0:00:01]} 47. Re8 {[%emt 0:00:01]} Rc4 {[%emt 0:00:01]} 48. Rxc4 {[%emt 0:00:00]} 1-0

[Event "Test Tournament"]
[Site "Emanuel Lasker Arena"]
[Date "2024.04.02"]
[Round "1"]
[White "Toby Ziegler"]
[Black "Alicia"]
[Result "0-1"]
[WhiteElo "2084"]
[BlackElo "2267"]
[Annotator "RC"]
[PlyCount "52"]
[EventDate "2024.04.02"]
[EventType "swiss (blitz)"]

1. c4 {[%emt 0:00:01]} g6 {[%emt 0:00:01]} 2. Nc3 {[%emt 0:00:01]} Bg7 {[%emt 0:00:01]} 3. d4 {[%emt 0:00:01]} Nf6 {[%emt 0:00:01]} 4. e4 {[%emt 0:00:01]} d6 {[%emt 0:00:01]} 5. h3 {[%emt 0:00:01]} O-O {[%emt 0:00:01]} 6. Nf3 {[%emt 0:00:01]} e5 {[%emt 0:00:01]} 7. d5 {[%emt 0:00:01]} Nh5 {[%emt 0:00:01]} 8. Bg5 {[%emt 0:00:01]} Qe8 {[%emt 0:00:02]} 9. b4 {[%emt 0:00:02]} a5 {[%emt 0:00:02]} 10. Nb5 {[%emt 0:00:01]} Na6 {[%emt 0:00:01]} 11. c5 {[%emt 0:00:01]} Nf4 {[%emt 0:00:01]} 12. a4 {[%emt 0:00:01]} h6 {[%emt 0:00:01]} 13. Bxf4 {[%emt 0:00:02]} exf4 {[%emt 0:00:00]} 14. Nd2 {[%emt 0:00:01]} Bf5 {[%emt 0:00:06]} 15. cxd6 {[%emt 0:00:01]} Bxa1 {[%emt 0:00:01]} 16. dxc7 {[%emt 0:00:00]} Bxe4 {[%emt 0:00:00]} 17. Be2 {[%emt 0:00:02]} Bd3 {[%emt 0:00:01]} 18. d6 {[%emt 0:00:02]} Nxb4 {[%emt 0:00:01]} 19. Kf1 {[%emt 0:00:01]} Qe5 {[%emt 0:00:02]} 20. Bxd3 {[%emt 0:00:01]} Nxd3 {[%emt 0:00:00]} 21. Nf3 {[%emt 0:00:02]} Qd5 {[%emt 0:00:02]} 22. Qxa1 {[%emt 0:00:00]} Rae8 {[%emt 0:00:02]} 23. Kg1 {[%emt 0:00:01]} Re2 {[%emt 0:00:01]} 24. Qd4 {[%emt 0:00:02]} Qb3 {[%emt 0:00:01]} 25. d7 {[%emt 0:00:01]} Nxf2 {[%emt 0:00:00]} 26. Kh2 {[%emt 0:00:01]} Ng4+ {[%emt 0:00:01]} 0-1

[Event "Test Tournament"]
[Site "Emanuel Lasker Arena"]
[Date "2024.04.02"]
[Round "1"]
[White "CarlsenVomFach"]
[Black "Antonella"]
[Result "*"]
[WhiteElo "2069"]
[BlackElo "2110"]
[Annotator "RC"]
[PlyCount "64"]
[EventDate "2024.04.02"]
[EventType "swiss (blitz)"]

1. d4 {[%emt 0:00:01]} f5 {[%emt 0:00:01]} 2. g3 {[%emt 0:00:01]} Nf6 {[%emt 0:00:01]} 3. Bg2 {[%emt 0:00:01]} g6 {[%emt 0:00:01]} 4. Nf3 {[%emt 0:00:01]} Bg7 {[%emt 0:00:01]} 5. O-O {[%emt 0:00:01]} O-O {[%emt 0:00:01]} 6. c4 {[%emt 0:00:01]} d6 {[%emt 0:00:01]} 7. Nc3 {[%emt 0:00:01]} c6 {[%emt 0:00:01]} 8. d5 {[%emt 0:00:01]} e5 {[%emt 0:00:01]} 9. dxe6 {[%emt 0:00:01]} Qe8 {[%emt 0:00:01]} 10. Bf4 {[%emt 0:00:01]} Bxe6 {[%emt 0:00:01]} 11. Bxd6 {[%emt 0:00:00]} Ng4 {[%emt 0:00:02]} 12. Bxf8 {[%emt 0:00:01]} Qxf8 {[%emt 0:00:00]} 13. Qb3 {[%emt 0:00:01]} b5 {[%emt 0:00:01]} 14. Ng5 {[%emt 0:00:01]} Bxc4 {[%emt 0:00:00]} 15. Qc2 {[%emt 0:00:01]} Qc5 {[%emt 0:00:02]} 16. Rad1 {[%emt 0:00:01]} Bd4 {[%emt 0:00:01]} 17. Rxd4 {[%emt 0:00:02]} Qxd4 {[%emt 0:00:01]} 18. b3 {[%emt 0:00:01]} h6 {[%emt 0:00:02]} 19. bxc4 {[%emt 0:00:01]} hxg5 {[%emt 0:00:00]} 20. cxb5 {[%emt 0:00:00]} Qh8 {[%emt 0:00:02]} 21. h3 {[%emt 0:00:01]} Ne5 {[%emt 0:00:02]} 22. Rd1 {[%emt 0:00:01]} Qf6 {[%emt 0:00:02]} 23. Nd5 {[%emt 0:00:01]} Qd6 {[%emt 0:00:01]} 24. Nb6 {[%emt 0:00:01]} Qa3 {[%emt 0:00:02]} 25. Nxa8 {[%emt 0:00:01]} g4 {[%emt 0:00:01]} 26. hxg4 {[%emt 0:00:01]} cxb5 {[%emt 0:00:01]} 27. Rd8+ {[%emt 0:00:01]} Kg7 {[%emt 0:00:01]} 28. Rxb8 {[%emt 0:00:00]} Qb4 {[%emt 0:00:02]} 29. Qc7+ {[%emt 0:00:01]} Nf7 {[%emt 0:00:01]} 30. Qc1 {[%emt 0:00:01]} Qxg4 {[%emt 0:00:00]} 31. Rxb5 {[%emt 0:00:01]} f4 {[%emt 0:00:01]} 32. Qc3+ {[%emt 0:00:01]} Kh6 {[%emt 0:00:01]} *

[Event "Test Tournament"]
[Site "Emanuel Lasker Arena"]
[Date "2024.04.02"]
[Round "1"]
[White "CarlsenVomFach"]
[Black "Swindler"]
[Result "*"]
[WhiteElo "2069"]
[BlackElo "2233"]
[Annotator "RC"]
[PlyCount "83"]
[EventDate "2024.04.02"]
[EventType "swiss (blitz)"]

1. e4 {[%emt 0:00:01]} e5 {[%emt 0:00:01]} 2. Nf3 {[%emt 0:00:01]} Nc6 {[%emt 0:00:01]} 3. Bb5 {[%emt 0:00:01]} a6 {[%emt 0:00:01]} 4. Ba4 {[%emt 0:00:01]} Nf6 {[%emt 0:00:01]} 5. O-O {[%emt 0:00:01]} Nxe4 {[%emt 0:00:01]} 6. d4 {[%emt 0:00:01]} b5 {[%emt 0:00:01]} 7. Bb3 {[%emt 0:00:01]} d5 {[%emt 0:00:01]} 8. dxe5 {[%emt 0:00:01]} Be6 {[%emt 0:00:01]} 9. Nbd2 {[%emt 0:00:01]} Nc5 {[%emt 0:00:01]} 10. c3 {[%emt 0:00:01]} d4 {[%emt 0:00:01]} 11. Bxe6 {[%emt 0:00:01]} Nxe6 {[%emt 0:00:01]} 12. cxd4 {[%emt 0:00:01]} Ncxd4 {[%emt 0:00:01]} 13. Ne4 {[%emt 0:00:01]} Be7 {[%emt 0:00:01]} 14. Nd6+ {[%emt 0:00:01]} cxd6 {[%emt 0:00:01]} 15. Nxd4 {[%emt 0:00:01]} Nxd4 {[%emt 0:00:00]} 16. Qxd4 {[%emt 0:00:01]} dxe5 {[%emt 0:00:01]} 17. Qxe5 {[%emt 0:00:00]} O-O {[%emt 0:00:01]} 18. Qe4 {[%emt 0:00:01]} Qd6 {[%emt 0:00:02]} 19. Be3 {[%emt 0:00:04]} h5 {[%emt 0:00:02]} 20. Rad1 {[%emt 0:00:03]} f5 {[%emt 0:00:02]} 21. Rxd6 {[%emt 0:00:01]} fxe4 {[%emt 0:00:01]} 22. Rc6 {[%emt 0:00:02]} Rf6 {[%emt 0:00:02]} 23. Rfc1 {[%emt 0:00:01]} Rxc6 {[%emt 0:00:00]} 24. Rxc6 {[%emt 0:00:00]} Rd8 {[%emt 0:00:07]} 25. g3 {[%emt 0:00:01]} Rd1+ {[%emt 0:00:02]} 26. Kg2 {[%emt 0:00:01]} g5 {[%emt 0:00:01]} 27. Rxa6 {[%emt 0:00:01]} h4 {[%emt 0:00:02]} 28. Re6 {[%emt 0:00:01]} Bd6 {[%emt 0:00:02]} 29. Bxg5 {[%emt 0:00:01]} Kf7 {[%emt 0:00:02]} 30. Rxe4 {[%emt 0:00:01]} Rb1 {[%emt 0:00:02]} 31. Rd4 {[%emt 0:00:01]} Be5 {[%emt 0:00:01]} 32. Re4 {[%emt 0:00:01]} Bg7 {[%emt 0:00:02]} 33. b3 {[%emt 0:00:01]} Rb2 {[%emt 0:00:02]} 34. g4 {[%emt 0:00:01]} h3+ {[%emt 0:00:01]} 35. Kxh3 {[%emt 0:00:01]} Rxf2 {[%emt 0:00:00]} 36. Rb4 {[%emt 0:00:01]} Be5 {[%emt 0:00:02]} 37. Bf4 {[%emt 0:00:01]} Bxf4 {[%emt 0:00:01]} 38. g5 {[%emt 0:00:01]} Rxh2+ {[%emt 0:00:00]} 39. Kg4 {[%emt 0:00:01]} Bc1 {[%emt 0:00:02]} 40. Rxb5 {[%emt 0:00:01]} Rxa2 {[%emt 0:00:00]} 41. Rb7+ {[%emt 0:00:01]} Kg6 {[%emt 0:00:01]} 42. Rb6+ {[%emt 0:00:01]} *

[Event "Test Tournament"]
[Site "Emanuel Lasker Arena"]
[Date "2024.04.09"]
[Round "1"]
[White "Toby Ziegler"]
[Black "Alicia"]
[Result "1-0"]
[WhiteElo "2064"]
[BlackElo "2226"]
[Annotator "RC"]
[PlyCount "77"]
[EventDate "2024.04.09"]
[EventType "swiss (blitz)"]

1. c4 {[%emt 0:00:01]} g6 {[%emt 0:00:01]} 2. Nc3 {[%emt 0:00:01]} Bg7 {[%emt 0:00:01]} 3. d4 {[%emt 0:00:01]} Nf6 {[%emt 0:00:01]} 4. e4 {[%emt 0:00:01]} d6 {[%emt 0:00:01]} 5. h3 {[%emt 0:00:01]} c5 {[%emt 0:00:04]} 6. d5 {[%emt 0:00:01]} O-O {[%emt 0:00:01]} 7. Nf3 {[%emt 0:00:01]} e6 {[%emt 0:00:01]} 8. Bd3 {[%emt 0:00:01]} exd5 {[%emt 0:00:01]} 9. cxd5 {[%emt 0:00:01]} b5 {[%emt 0:00:02]} 10. Bxb5 {[%emt 0:00:01]} Nxe4 {[%emt 0:00:01]} 11. Nxe4 {[%emt 0:00:01]} Qa5+ {[%emt 0:00:01]} 12. Nfd2 {[%emt 0:00:01]} Qxb5 {[%emt 0:00:01]} 13. Nxd6 {[%emt 0:00:01]} Qa6 {[%emt 0:00:01]} 14. N2c4 {[%emt 0:00:01]} Rd8 {[%emt 0:00:02]} 15. Bf4 {[%emt 0:00:01]} Bf8 {[%emt 0:00:02]} 16. Nxc8 {[%emt 0:00:01]} Qxc4 {[%emt 0:00:01]} 17. Qg4 {[%emt 0:00:02]} h5 {[%emt 0:00:03]} 18. Qf3 {[%emt 0:00:03]} Na6 {[%emt 0:00:01]} 19. a3 {[%emt 0:00:04]} Re8+ {[%emt 0:00:01]} 20. Be3 {[%emt 0:00:03]} Raxc8 {[%emt 0:00:01]} 21. Rd1 {[%emt 0:00:03]} Bh6 {[%emt 0:00:03]} 22. d6 {[%emt 0:00:03]} Bxe3 {[%emt 0:00:01]} 23. fxe3 {[%emt 0:00:01]} Qb3 {[%emt 0:00:03]} 24. d7 {[%emt 0:00:03]} Rxe3+ {[%emt 0:00:01]} 25. Kd2 {[%emt 0:00:01]} Rd8 {[%emt 0:00:01]} 26. Qxe3 {[%emt 0:00:01]} Rxd7+ {[%emt 0:00:01]} 27. Ke2 {[%emt 0:00:01]} Qxb2+ {[%emt 0:00:01]} 28. Rd2 {[%emt 0:00:02]} Qb5+ {[%emt 0:00:03]} 29. Kf2 {[%emt 0:00:02]} Kg7 {[%emt 0:00:02]} 30. Rc1 {[%emt 0:00:02]} Qa4 {[%emt 0:00:02]} 31. Rcd1 {[%emt 0:00:02]} Qh4+ {[%emt 0:00:02]} 32. Kg1 {[%emt 0:00:01]} Rxd2 {[%emt 0:00:01]} 33. Rxd2 {[%emt 0:00:01]} Qf6 {[%emt 0:00:02]} 34. Rd7 {[%emt 0:00:02]} Qb2 {[%emt 0:00:01]} 35. Kh2 {[%emt 0:00:01]} c4 {[%emt 0:00:01]} 36. Qf4 {[%emt 0:00:01]} Qb7 {[%emt 0:00:01]} 37. Qxf7+ {[%emt 0:00:01]} Kh6 {[%emt 0:00:01]} 38. Qf4+ {[%emt 0:00:01]} g5 {[%emt 0:00:01]} 39. Qf6# {[%emt 0:00:01] (Lag: Av=0.09s, max=0.6s)} 1-0

[Event "Test Tournament"]
[Site "Emanuel Lasker Arena"]
[Date "2024.04.09"]
[Round "1"]
[White "Toby Ziegler"]
[Black "Klaus Junge"]
[Result "*"]
[WhiteElo "2064"]
[BlackElo "1620"]
[Annotator "RC"]
[PlyCount "70"]
[EventDate "2024.04.09"]
[EventType "swiss (blitz)"]

{Toby Ziegler resigns Klaus Junge resigns} 1. Nf3 {[%emt 0:00:01]} c5 {[%emt 0:00:01]} 2. g3 {[%emt 0:00:01]} Nf6 {[%emt 0:00:01]} 3. Bg2 {[%emt 0:00:01]} d5 {[%emt 0:00:01]} 4. O-O {[%emt 0:00:01]} e6 {[%emt 0:00:01]} 5. c4 {[%emt 0:00:01]} Nc6 {[%emt 0:00:01]} 6. d4 {[%emt 0:00:04]} Be7 {[%emt 0:00:04]} 7. dxc5 {[%emt 0:00:01]} Bxc5 {[%emt 0:00:01]} 8. Nbd2 {[%emt 0:00:01]} O-O {[%emt 0:00:01]} 9. Nb1 {[%emt 0:00:01]} Nb8 {[%emt 0:00:01]} 10. a3 {[%emt 0:00:01]} Nc6 {[%emt 0:00:01]} 11. Nbd2 {[%emt 0:00:01]} a5 {[%emt 0:00:01]} 12. cxd5 {[%emt 0:00:01]} exd5 {[%emt 0:00:00]} 13. Nb3 {[%emt 0:00:01]} Bb6 {[%emt 0:00:01]} 14. Bg5 {[%emt 0:00:01]} a4 {[%emt 0:00:01]} 15. Nbd4 {[%emt 0:00:03]} h6 {[%emt 0:00:03]} 16. Bxf6 {[%emt 0:00:01]} Qxf6 {[%emt 0:00:01]} 17. e3 {[%emt 0:00:04]} Bg4 {[%emt 0:00:03]} 18. Qd3 {[%emt 0:00:03]} g5 {[%emt 0:00:03]} 19. Qb5 {[%emt 0:00:03]} Bc7 {[%emt 0:00:01]} 20. Qxb7 {[%emt 0:00:01]} Nxd4 {[%emt 0:00:03]} 21. Nxd4 {[%emt 0:00:01]} Be5 {[%emt 0:00:03]} 22. Qxd5 {[%emt 0:00:01]} h5 {[%emt 0:00:02]} 23. Rac1 {[%emt 0:00:02]} h4 {[%emt 0:00:03]} 24. h3 {[%emt 0:00:03]} Rfd8 {[%emt 0:00:02]} 25. Qb5 {[%emt 0:00:02]} Rdb8 {[%emt 0:00:02]} 26. Qd5 {[%emt 0:00:02]} Bh5 {[%emt 0:00:02]} 27. Nc6 {[%emt 0:00:02]} Bxb2 {[%emt 0:00:01]} 28. Nxb8 {[%emt 0:00:01]} Rxb8 {[%emt 0:00:01]} 29. Rc6 {[%emt 0:00:01]} Qe7 {[%emt 0:00:03]} 30. g4 {[%emt 0:00:02]} Rd8 {[%emt 0:00:01]} 31. Qa2 {[%emt 0:00:01]} Qxa3 {[%emt 0:00:01]} 32. Qxa3 {[%emt 0:00:01]} Bxa3 {[%emt 0:00:01]} 33. gxh5 {[%emt 0:00:01]} Bd6 {[%emt 0:00:01]} 34. h6 {[%emt 0:00:01]} a3 {[%emt 0:00:01]} 35. Ra6 {[%emt 0:00:01]} Bb4 {[%emt 0:00:01]} *

[Event "Test Tournament"]
[Site "Emanuel Lasker Arena"]
[Date "2024.04.09"]
[Round "1"]
[White "Toby Ziegler"]
[Black "CheckMaid"]
[Result "0-1"]
[WhiteElo "2064"]
[BlackElo "1645"]
[Annotator "RC"]
[PlyCount "26"]
[EventDate "2024.04.09"]
[EventType "swiss (blitz)"]

1. Nf3 {[%emt 0:00:01]} Nf6 {[%emt 0:00:01]} 2. g3 {[%emt 0:00:01]} d5 {[%emt 0:00:01]} 3. Bg2 {[%emt 0:00:01]} e6 {[%emt 0:00:01]} 4. O-O {[%emt 0:00:01]} c5 {[%emt 0:00:01]} 5. c4 {[%emt 0:00:01]} d4 {[%emt 0:00:01]} 6. b4 {[%emt 0:00:01]} cxb4 {[%emt 0:00:01]} 7. a3 {[%emt 0:00:01]} Nc6 {[%emt 0:00:01]} 8. d3 {[%emt 0:00:01]} Bc5 {[%emt 0:00:01]} 9. Nbd2 {[%emt 0:00:01]} e5 {[%emt 0:00:06]} 10. Nb3 {[%emt 0:00:01]} Be7 {[%emt 0:00:04]} 11. axb4 {[%emt 0:00:01]} Bxb4 {[%emt 0:00:01]} 12. Nxe5 {[%emt 0:00:04]} Nxe5 {[%emt 0:00:01]} 13. Bf4 {[%emt 0:00:04]} Qc7 {[%emt 0:00:03] CheckMaid resigns Toby Ziegler resigns (Lag: Av=0.05s, max=0.1s)} 0-1

[Event "Test Tournament"]
[Site "Emanuel Lasker Arena"]
[Date "2024.04.09"]
[Round "1"]
[White "Antonella"]
[Black "Hollis"]
[Result "1-0"]
[WhiteElo "2041"]
[BlackElo "1881"]
[Annotator "RC"]
[PlyCount "27"]
[EventDate "2024.04.09"]
[EventType "swiss (blitz)"]

1. d4 {[%emt 0:00:01]} d5 {[%emt 0:00:01]} 2. c4 {[%emt 0:00:01]} e6 {[%emt 0:00:01]} 3. Nc3 {[%emt 0:00:01]} c5 {[%emt 0:00:01]} 4. e3 {[%emt 0:00:01]} Nf6 {[%emt 0:00:01]} 5. Nf3 {[%emt 0:00:01]} Nc6 {[%emt 0:00:01]} 6. cxd5 {[%emt 0:00:01]} exd5 {[%emt 0:00:01]} 7. Bb5 {[%emt 0:00:01]} Bf5 {[%emt 0:00:01]} 8. Ne5 {[%emt 0:00:01]} Qc7 {[%emt 0:00:03]} 9. Qf3 {[%emt 0:00:03]} cxd4 {[%emt 0:00:04]} 10. exd4 {[%emt 0:00:01]} Bc2 {[%emt 0:00:04]} 11. Bh6 {[%emt 0:00:04]} Ne4 {[%emt 0:00:03]} 12. Nxd5 {[%emt 0:00:03]} Qa5+ {[%emt 0:00:02]} 13. Nc3 {[%emt 0:00:01]} gxh6 {[%emt 0:00:03]} 14. Qxf7+ {[%emt 0:00:03] Hollis resigns (Lag: Av=0.04s, max=0.1s)} 1-0

[Event "Test Tournament"]
[Site "Emanuel Lasker Arena"]
[Date "2024.04.09"]
[Round "1"]
[White "Brutus"]
[Black "Girlfriend Chess"]
[Result "*"]
[WhiteElo "2041"]
[BlackElo "1752"]
[Annotator "RC"]
[PlyCount "54"]
[EventDate "2024.04.09"]
[EventType "swiss (blitz)"]

{Girlfriend Chess resigns Brutus resigns} 1. c4 {[%emt 0:00:01]} g6 {[%emt 0:00:01]} 2. Nc3 {[%emt 0:00:01]} Bg7 {[%emt 0:00:01]} 3. g3 {[%emt 0:00:01]} e5 {[%emt 0:00:05]} 4. Bg2 {[%emt 0:00:05]} Nc6 {[%emt 0:00:02]} 5. e4 {[%emt 0:00:04]} Nge7 {[%emt 0:00:01]} 6. d3 {[%emt 0:00:06]} d6 {[%emt 0:00:01]} 7. Nge2 {[%emt 0:00:01]} Rb8 {[%emt 0:00:01]} 8. Rb1 {[%emt 0:00:00]} Bg4 {[%emt 0:00:02]} 9. h3 {[%emt 0:00:03]} d5 {[%emt 0:00:05]} 10. hxg4 {[%emt 0:00:01]} dxe4 {[%emt 0:00:01]} 11. dxe4 {[%emt 0:00:01]} Nb4 {[%emt 0:00:03]} 12. Be3 {[%emt 0:00:04]} Nec6 {[%emt 0:00:03]} 13. g5 {[%emt 0:00:03]} Nd4 {[%emt 0:00:03]} 14. Qa4+ {[%emt 0:00:02]} b5 {[%emt 0:00:02]} 15. cxb5 {[%emt 0:00:01]} Nd3+ {[%emt 0:00:02]} 16. Kd2 {[%emt 0:00:01]} a5 {[%emt 0:00:12]} 17. bxa6+ {[%emt 0:00:01]} c6 {[%emt 0:00:01]} 18. Nxd4 {[%emt 0:00:01]} exd4 {[%emt 0:00:01]} 19. Qxc6+ {[%emt 0:00:02]} Kf8 {[%emt 0:00:01]} 20. Kxd3 {[%emt 0:00:01]} dxe3+ {[%emt 0:00:01]} 21. Kxe3 {[%emt 0:00:01]} Rc8 {[%emt 0:00:01]} 22. Qb5 {[%emt 0:00:02]} Bxc3 {[%emt 0:00:00]} 23. bxc3 {[%emt 0:00:01]} Rxc3+ {[%emt 0:00:00]} 24. Ke2 {[%emt 0:00:01]} Kg8 {[%emt 0:00:01]} 25. Rbd1 {[%emt 0:00:02]} Rc2+ {[%emt 0:00:01]} 26. Kf3 {[%emt 0:00:01]} Qc8 {[%emt 0:00:01]} 27. Qa5 {[%emt 0:00:01]} Rc3+ {[%emt 0:00:01]} *

[Event "Test Tournament"]
[Site "Emanuel Lasker Arena"]
[Date "2024.04.09"]
[Round "1"]
[White "Brutus"]
[Black "Hollis"]
[Result "1-0"]
[WhiteElo "2041"]
[BlackElo "1881"]
[Annotator "NA RC"]
[PlyCount "67"]
[EventDate "2024.04.09"]
[EventType "swiss (blitz)"]

1. d4 {[%emt 0:00:01]} Nf6 {[%emt 0:00:01]} 2. c4 {[%emt 0:00:01]} e6 {[%emt 0:00:01]} 3. Nf3 {[%emt 0:00:01]} d5 {[%emt 0:00:01]} 4. Nc3 {[%emt 0:00:01]} c5 {[%emt 0:00:01]} 5. cxd5 {[%emt 0:00:01]} cxd4 {[%emt 0:00:01]} 6. Qa4+ {[%emt 0:00:01]} Nbd7 {[%emt 0:00:01]} 7. Nxd4 {[%emt 0:00:01]} exd5 {[%emt 0:00:00]} 8. Nf5 {[%emt 0:00:02]} Qb6 {[%emt 0:00:01]} 9. Be3 {[%emt 0:00:02]} Qxb2 {[%emt 0:00:02]} 10. Rc1 {[%emt 0:00:01]} Bb4 {[%emt 0:00:04]} 11. Qb3 {[%emt 0:00:04]} Ba3 {[%emt 0:00:17]} 12. Nd6+ {[%emt 0:00:01]} Ke7 {[%emt 0:00:02]} 13. Nf5+ {[%emt 0:00:04]} Ke8 {[%emt 0:00:02]} 14. Qa4 {[%emt 0:00:01]} Ne4 {[%emt 0:00:02]} 15. Nxd5 {[%emt 0:00:01]} Nec5 {[%emt 0:00:02]} 16. Nd6+ {[%emt 0:00:03]} Kf8 {[%emt 0:00:01]} 17. Qa5 {[%emt 0:00:03]} b6 {[%emt 0:00:02]} 18. Qc3 {[%emt 0:00:01]} Qxc3+ {[%emt 0:00:01]} 19. Rxc3 {[%emt 0:00:01]} Bb2 {[%emt 0:00:01]} 20. Rc4 {[%emt 0:00:03]} Ne5 {[%emt 0:00:02]} 21. Bxc5 {[%emt 0:00:01]} bxc5 {[%emt 0:00:01]} 22. Rxc5 {[%emt 0:00:01]} Bg4 {[%emt 0:00:02]} 23. f4 {[%emt 0:00:03]} Ba3 {[%emt 0:00:02]} 24. Ra5 {[%emt 0:00:02]} Bxd6 {[%emt 0:00:01]} 25. fxe5 {[%emt 0:00:01]} Bxe5 {[%emt 0:00:01]} 26. e3 {[%emt 0:00:02]} h5 {[%emt 0:00:01]} 27. Bc4 {[%emt 0:00:02]} h4 {[%emt 0:00:01]} 28. O-O {[%emt 0:00:02]} Rh6 {[%emt 0:00:01]} 29. Nc7 {[%emt 0:00:01]} Bxc7 {[%emt 0:00:01]} 30. Rxf7+ {[%emt 0:00:01]} Kg8 {[%emt 0:00:01]} 31. Rxc7+ {[%emt 0:00:01]} Kh8 {[%emt 0:00:01]} 32. h3 {[%emt 0:00:01]} Bd1 {[%emt 0:00:02]} 33. e4 {[%emt 0:00:01]} Re8 {[%emt 0:00:02]} 34. e5 {[%emt 0:00:01] Time (Lag: Av=0.07s, max=0.8s) '} 1-0